000 00469cam a2200181ua 4500
020 _c20.00
041 _aeng
_h
082 _a581
_bNAR/OU
100 _aNarayanaswami, R.V .
245 _aOutlines of botany: A text book for degree classes /
_cR.V.Narayanaswami.
_hTextual Documents
260 _aChennai :
_bS.Viswanathan ,
_c1965.
300 _a890 ; .
365 _a20.00
504 _a
942 _cBK
999 _c10815
_d10815